EDM Festivals Quiz - Statistics

General Stats
  • This quiz has been taken 161 times
  • The average score is 4 of 15
Answer Stats
Hint Answer % Correct
Boom, Belgium Tomorrowland
97%
Las Vegas, NV, USA EDC
70%
Bayfront Park, Miami, USA Ultra Miami
48%
Ziggo Dome, Amsterdam, Netherlands Amsterdam Music Festival
43%
Split, Croatia Ultra Europe
37%
Daresbury, UK Creamfields
28%
Cluj-Napoca, Romania Untold
21%
Randall's Island, New York, USA Electric Zoo
20%
Rothbury, MI, USA Electric Forrest
19%
Salzburgring, Austira Electric Love
17%
Pimpri-Chinchwad, India Sunburn
17%
Neustadt-Glewe, Germany Airbeat One
13%
Haarlemmermeer, Netherlands Mysteryland
11%
Gothenburg, Sweden Summerburst
3%
Ozora, Hungary Ozara
1%
No matching quizzes found
Score Distribution
Percent of People with Each Score
Percentile by Number Answered
Your Score History
You have not taken this quiz